ბათუმის შოთა რუსთაველის სახელმწიფო უნივერსიტეტის ბიბლიოთეკა

ქართული საბჭოთა საბავშვო ლიტერატურის ანთოლოგია სამ ტომად. პირველი ტომი:პოეზია. (ბიბ.ჩანაწერი № 44031)

000 -LEADER
fixed length control field 01165nam a2200193Ia 4500
001 - CONTROL NUMBER
control field 10782
003 - CONTROL NUMBER IDENTIFIER
control field GE_BSU
008 - FIXED-LENGTH DATA ELEMENTS--GENERAL INFORMATION
fixed length control field 181216s||||||||xx |||||||||||||| ||und||
040 ## - CATALOGING SOURCE
Transcribing agency GE_BSU
080 ## - UNIVERSAL DECIMAL CLASSIFICATION NUMBER
Universal Decimal Classification number 82-93:821.353.1-1
245 ## - TITLE STATEMENT
Title ქართული საბჭოთა საბავშვო ლიტერატურის ანთოლოგია სამ ტომად. პირველი ტომი:პოეზია.
245 ## - TITLE STATEMENT
Statement of responsibility, etc. სარედ.კოლეგია:ხუტა ბერულავა (მთ.რედ.),რევაზ ინანიშვილი,გიორგი კაჭახიძე და სხვ;შემდგ.ნინო ბეზარაშვილი;მხატვ.გიორგი გორდელაძე.
260 ## - PUBLICATION, DISTRIBUTION, ETC.
Place of publication, distribution, etc. თბილისი.
260 ## - PUBLICATION, DISTRIBUTION, ETC.
Name of publisher, distributor, etc. ნაკადული.
260 ## - PUBLICATION, DISTRIBUTION, ETC.
Date of publication, distribution, etc. 1971.
300 ## - PHYSICAL DESCRIPTION
Extent 510გვ;22სმ.
653 ## - INDEX TERM--UNCONTROLLED
Uncontrolled term ქართული საბჭოთა საბავშვო ლიტერატურის ანთოლოგია სამ ტომად. პირველი ტომი:პოეზია.
942 ## - ADDED ENTRY ELEMENTS (KOHA)
Koha item type წიგნი
ეგზემპლარები
Withdrawn status Lost status Damaged status Not for loan Date acquired Barcode Date last seen Price effective from Koha item type
        2018-12-17 35254 2018-12-17 2018-12-17 წიგნი
        2018-12-17 35255 2018-12-17 2018-12-17 წიგნი